000 00755cam a2200229 a 4500
001 3525187
005 20180306062121.0
008 960726s1997 nyua b 001 0 eng
010 _a 96027586
020 _a0070213828
040 _aDLC
_cDLC
_dDLC
041 _aeng
080 _a621.3893 EVE
082 0 0 _a621.3893 EVE
_220
100 1 _a40
101 _aMED
245 1 0 _aSound studio construction on a budget /
_cF. Alton Everest.
504 _aIncludes bibliographical references (p. 286-288) and index.
906 _a7
_bcbc
_corignew
_d1
_eocip
_f19
_gy-gencatlg
942 _2ddc
_cBK
999 _c44159
_d44159